000 00366 a2200169 4500
001 187233
020 _a85-08-07432-8
040 _cMagnum
100 _aScliar, Moacyr
240 1 0 _aO mistério da casa verde
_lpor
245 1 0 _aO mistério da casa verde
300 _a85
362 0 _a2000
440 1 _aÁtica
697 _aLITERATURA JUVENIL
942 _cBK
999 _c187233
_d187233